| 000 | 00436cam a2200157 i 4500 | ||
|---|---|---|---|
| 020 | _a0876202423 | ||
| 040 | _cDLC | ||
| 082 | 0 | 0 | _a519 GOO 1979 A026 Or. |
| 100 | 1 | _aKhazanie, Ramakant. | |
| 245 | 1 | 0 | _aElementary statistics, in a world of applications / |
| 260 |
_aSanta Monica, Calif. : _bGoodyear Pub. Co., _cc1979. |
||
| 300 |
_avii, 488 p. : _bill. ; _c24 cm. |
||
| 500 | _aIncludes index. | ||
| 650 | 0 | _aStatistics. | |
| 942 | _cEK | ||
| 999 |
_c13255 _d13255 |
||